Загрузка...
A Study of the Foraminifera of the Arattupuzha sea and Valiazeekal Bar Mouth, Kayamkulam, Kerala
| Главный автор: | |
|---|---|
| Формат: | Printed Book |
| Опубликовано: |
Dept. of Aquatic Biology & Fisheries, University of Kerala, Thiruvananthapuram
1992
|
| Серии: | Saraswathy Ammal, G
|
| LEADER | 00605nam a2200193 4500 | ||
|---|---|---|---|
| 020 | |||
| 082 | |a M19923 LEK | ||
| 100 | |a Lekshmy, S | ||
| 245 | |a A Study of the Foraminifera of the Arattupuzha sea and Valiazeekal Bar Mouth, Kayamkulam, Kerala | ||
| 250 | |||
| 260 | |a Dept. of Aquatic Biology & Fisheries, University of Kerala, Thiruvananthapuram |c 1992 | ||
| 300 | |||
| 490 | |a Saraswathy Ammal, G | ||
| 500 | |||
| 590 | |a SHK | ||
| 650 | |||
| 942 | |c BK | ||
| 999 | |c 101479 |d 101479 | ||
| 952 | |0 0 |1 0 |4 0 |6 M_19923_000000000000000_LEK |7 0 |9 114947 |a AQU |b AQU |l 0 |o M19923 LEK |p AQUM19923 |r 2019-09-25 |w 2019-09-25 |y BK | ||